000 00342nam a2200133Ia 4500
008 240624s9999 xx 000 0 und d
041 _aeng
082 _a658.408 PRA
100 _aPRASAD KESHO
245 _aCORPORATE GOVERNANCE
260 _c2006
_aNew Delhi
_bPrentice-Hall of India
300 _avii, : 244 : p. : cm. ; 23
365 _cRS
_b36
999 _c7434
_d7434